เปลี่ยนเป็นภาษาไทย

Change to English
 แสดงรายละเอียดบรรณานุกรม
  กลับหน้าหลัก
ห้องสมุดโรงเรียนพะเยาพิทยาคม...ยินดีต้อนรับ...ทุกท่านเข้าสู่ระบบห้องสมุดอัตโนมัติ

Brief Record : Get Marc (ISO 2709) : E-mail record : QR code ปิดหน้าต่าง
หนังสืออ้างอิง : เกี่ยวกับ Collections
LEADER 00000nam 2200000uu 4500
001    13399108857
003     ULIBM
008    110214s2554||||th 000 0 tha d
020    ^a9789740207146
082 0  ^a070.43^bศ415ม
100 0  ^aศูนย์ข้อมูลมติชน
110 1  ^a
245 00 ^aมติชนบันทึกประเทศไทย ปี 2553 /^cโดย ศูนย์ข้อมูลมติชน
250    ^aพิมพ์ครั้งที่ 1.
260    ^aกรุงเทพฯ:^bมติชน,^c2554.
300    ^a500 หน้า:^bภาพประกอบ;^c24 ซม.
440  0 ^a
650  0 ^aสรุปข่าว--เหตุการณ์สำคัญ--พ.ศ.2553
700 0  ^a
945    ^p360^l0^i37383
999     ^akanya
 
คุณยังไม่ได้ล็อกอิน คุณสามารถมีกิจกรรมร่วมกับเว็บไซต์ได้ แต่ต้องล็อกอินก่อน ::
  ล็อกอิน
ลำดับที่ ประเภท เลขเรียก/บาร์โค้ด สถานที่ สถานะ
1. หนังสือ
หนังสือ
070.43 ศ415ม 2554 ฉ.1 
  Barcode: 37383
ห้องสมุด
►หนังสือทั่วไป
On Shelf
  ขอยืม
2. หนังสือ
หนังสือ
070.43 ศ415ม 2554 ฉ.2 
  Barcode: 37384
ห้องสมุด
►หนังสือทั่วไป
On Shelf
  ขอยืม
   [แสดง 2/2 รายการ]

หนังสือดีน่าอ่าน


“ดั่งดวงแก้ว ส่องสว่าง ทางสายงาม”


จัดทำขึ้นเพื่อเฉลิมพระเกียรติ สมเด็จพระเทพรัตนราชสุดา ฯ สยามบรมราชกุมารี 
เนื่องในโอกาสมหามงคลเฉลิมพระชนมพรรษา ๕ รอบ ๒ เมษายน ๒๕๕๘ 

โดยหนังสือเล่มนี้ได้รวบรวม ๖๐ พระอัจฉริยภาพของสมเด็จพระเทพ ฯ 
ผู้อ่านจะได้รับแรงบันดาลใจให้พากเพียรเรียนรู้และขยันอดทนทำการงาน
ตามรอยเบื้องพระยุคลบาท เพราะพระองค์ทรงเป็นแบบอย่างอันดีเยี่ยมในทุกด้าน 

ทั้งในความใฝ่รู้ใฝ่เรียน คุณธรรมจริยธรรม พระวิริยอุตสาหะในการทรงงาน 
และอื่นๆอีกมากมาย ล้วนสามารถสร้างแรงบันดาลใจให้แก่เด็กและเยาวชน

อีกทั้งประชาชนทั่วไป ให้พากเพียรเรียนรู้และขยันอดทนทำการงานตามรอยพระยุคลบาท 
เพื่อฝึกฝนตนเองให้เป็นคนดีคนเก่งของครอบครัวและสังคมต่อไป



รายการใกล้เคียง
    ผู้แต่ง [ศูนย์ข้อมูลมติชน]

แสดงความเห็นเกี่ยวกับหนังสือเล่มนี้


ยังไม่เคยถูกคอมเมนท์

คอมเมนท์ทรัพยากรรายการนี้
  คอมเมนท์: มติชนบันทึกประเท..

 
 
 

 

ห้องสมุดเฉลิมพระเกียรติกาญจนาภิเษก  โรงเรียนพะเยาพิทยาคม อำเภอเมือง จังหวัดพะเยา 56000

 E-mail  : Library_ppk@windowslive.com     Library Phayaopittayakom 05-4431-275 ต่อ 4621


 Union Library Management : ULibM
Copyright 2026. All Rights Reserved.